| 000 | 00513cam a22001577a 4500 | ||
|---|---|---|---|
| 008 | 180718b1944 xxu||||| |||| 00| 0 eng d | ||
| 082 | _aA42x54 In2/M426 | ||
| 100 | _aMathrubutham, R. | ||
| 245 |
_aThe all India control orders (issued by the central government) _cby R. Mathrubutham and R. Srinivasan |
||
| 260 |
_aMylapore _bMadras Law Journal Office _c1944 |
||
| 300 | _a323p. | ||
| 500 | _aRs.6.00 | ||
| 650 | _aGovernment Regulation of Business - India | ||
| 650 | _aLaw - India | ||
| 700 | _aSrinivasan, R. | ||
| 999 |
_c373442 _d373442 |
||